=LDR 00000nam 2200000 4500 =001 INLIS000000000033728 =005 20130612135651 =008 ***********************************ind** =035 ##$$0010-061300000033728 =041 ##$$a ind =082 ##$$a 374 =090 ##$$a 374, Laf p =100 ##$$a Latif, Abdul =245 ##$$a Pendidikan terbasis nilai kemasyarakatan, Drs.H. Abdul latif, M.pd;Editor,Akmad effendi, M.Ag =260 ##$$a 2009 $b Bandung =300 ##$$a viii,115 hlm, 24 cm =650 ##$$a Pendidikan Masyarakat =700 ##$$a Effendi, Akhmad =850 ##$$a NBPNMAT